| 000 -LEADER | |
|---|---|
| fixed length control field | 00463nam a22001817a 4500 |
| 005 - DATE AND TIME OF LATEST TRANSACTION | |
| control field | 20180706171113.0 |
| 008 - FIXED-LENGTH DATA ELEMENTS--GENERAL INFORMATION | |
| fixed length control field | 160512b xxu||||| |||| 00| 0 eng d |
| 020 ## - INTERNATIONAL STANDARD BOOK NUMBER | |
| ISBN | 81-203-2016-6 |
| 041 ## - LANGUAGE CODE | |
| Language code of text/sound track or separate title | eng |
| 082 ## - DEWEY DECIMAL CLASSIFICATION NUMBER | |
| Item number | 1658 |
| Classification number | 658.15 |
| 100 ## - MAIN ENTRY--AUTHOR NAME | |
| Personal name | Horne, James C.VAN. Wachowicz, Jr.John M. |
| 245 ## - TITLE STATEMENT | |
| Title | Fundamental of Financial Management |
| 250 ## - EDITION STATEMENT | |
| Edition statement | 11TH ED. |
| 260 ## - PUBLICATION, DISTRIBUTION, ETC. (IMPRINT) | |
| Place of publication | New Delhi |
| Name of publisher | PHI, |
| Year of publication | 2001 |
| 300 ## - PHYSICAL DESCRIPTION | |
| Number of Pages | 743 |
| 650 ## - SUBJECT ADDED ENTRY--TOPICAL TERM | |
| Topical Term | Management |
| 942 ## - ADDED ENTRY ELEMENTS (KOHA) | |
| Koha item type | Books |
| Lost status | Damaged status | Collection code | Home library | Current library | Shelving location | Date acquired | Cost, normal purchase price | Full call number | Accession Number | Koha item type |
|---|---|---|---|---|---|---|---|---|---|---|
| Reference | JRU Library | SHELF-28-G | 12/05/2016 | 325.00 | 658.15 | 1658 | Books | |||
| MANAGEMENT | JRU Library | JRU Library | SHELF-60-I | 12/05/2016 | 325.00 | 658.15 | 1659 | Books | ||
| MANAGEMENT | JRU Library | JRU Library | SHELF-60-I | 12/05/2016 | 325.00 | 658.15 | 1660 | Books | ||
| MANAGEMENT | JRU Library | JRU Library | SHELF-60-I | 12/05/2016 | 325.00 | 658.15 | 1662 | Books | ||
| MANAGEMENT | JRU Library | JRU Library | SHELF-60-I | 12/05/2016 | 325.00 | 658.15 | 1663 | Books | ||
| MANAGEMENT | JRU Library | JRU Library | SHELF-59-M | 12/05/2016 | 325.00 | 658.15 | 1664 | Books | ||
| MANAGEMENT | JRU Library | JRU Library | SHELF-60-I | 12/05/2016 | 325.00 | 658.15 | 1665 | Books |